All Greek Gods and Monsters (Titans Included) - Statistics

General Stats
  • This quiz has been taken 3,445 times
    3,431 since last reset
  • The average score is 47 of 147
Answer Stats
Hint Answer % Correct
Goddess of the moon, hunting, and nursing. Artemis
90%
Goddess of goddesses, women, and marriage and wife of Zeus. Hera
89%
God of the sun, music, healing, and herding. Apollo
88%
Leader of the Olympic gods, and god of lightning, thunder, and the heavens. Zeus
88%
God of chaotic war. Ares
87%
God of the Dead, King of the Underworld. Hades
87%
Goddess of love and beauty. Aphrodite
85%
God of commerce and travel, and messenger of the gods. Hermes
84%
Goddess of wisdom, poetry, art, and the strategic side of war. Athena
81%
Goddess of the harvest. Demeter
81%
God of the Sun. Helios
80%
Goddess of the Earth, also known as Mother Earth. Gaia
78%
An immortal hero of many Greek legends, the strongest man on Earth. Heracles
78%
Goddess of the Moon and the 'mother' of vampires. Selene
78%
God of wine and pleasure. Dionysus
76%
Goddess of the Spring who lives off-season in the Underworld. Persephone
76%
God of fire and blacksmithing who created weapons for the gods. Hephaestus
75%
God of the sea and earthquakes. Poseidon
75%
One of the twelve original Titans, God of agriculture, father of the Titans. Cronus
72%
God of woods, fields, and flocks. Also a Satyr. Pan
72%
Greek goddess of the home and fertility. One of the Hesperides. Hestia
71%
God of love, procreation and sexual desire. Eros
70%
The Primordial Titan who carried the world on his back. Son of Iapetus and Clymene. Atlas
69%
Goddess of magic, witchcraft, ghosts, and the undead. Hecate
69%
Goddess of the Dawn. Eos
68%
A One-Eyed Creature Cyclops
67%
God of sleep. Hypnos
64%
Goddess of victory. Nike
63%
Goddess of night. Nyx
63%
One of the Original Twelve titans, Titan god of the ocean. Oceanus
62%
Goddess of strife, connected to Enyo. Eris
60%
Goddess of rainbows. Iris
60%
God of the sky and the heavens. Father of the Titans. Uranus
59%
Slain by Theseus in the Labyrinth on the island of Crete Minotaur
56%
The nothingness that all else sprung from. Chaos
55%
A Titan, Son of Iapetus and Clymene, Known to be wise and giving the mortals fire. Prometheus
55%
One of the Original Twelve Titans, Married Cronos and gave birth to Zeus, Poseidon, Hades, Hera, Demeter and Hestia. The Goddess of Nature. Rhea
55%
God of death. Thanatos
54%
The Ferryman of Hades. He had to be paid to help one cross the river Styx. Charon
48%
Goddess of retribution (vengeance). Nemesis
48%
A Titan, Daughter of Oceanus and Tethys, A Goddess of Renown, fame and infamy. Also married Iapetus. Clymene
46%
Goddess of youth. Hebe
46%
One of the Original twelve titans, married Oceanus and even raised Hera. Tethys
46%
The sea nymph who held Odysseus prisoner for seven years. Calypso
45%
One of the Original Twelve Titans, was given the west, god of mortality and craftmanship, married Clymene. Iapetus
44%
God of the depths of the Underworld - a great storm pit - and the father of Typhon. Tartarus
43%
One of the twins who represent Gemini. Castor
41%
One of the Twelve Original Titans, God of Light, Married Theia was given the east. Hyperion
41%
One of the twins who represent Gemini. Pollux
40%
Trumpeter of the sea and messenger of the deep. Triton
40%
God of health and medicine. Asclepius
39%
God of time. Chronos
39%
One of the Original Twelve Titans, married Coeus and is a grandmother to Apollo, Artemis and Hecate. Phoebe
39%
God of monsters, storms, and volcanoes. Challenged Zeus for control of Mount Olympus. Typhon
39%
A goddess who transformed her enemies into beasts. Circe
38%
God of dreams and sleep. Morpheus
38%
Ancient god of the deep sea. Pontus
38%
One of the Original Twelve Titans, married Hyperion and is Mother of the sun (Helios) the moon (Selene) and dawn (Eos) Theia
33%
The West Wind. One of the Anemoi (wind gods). Zephyrus
33%
The wife of Poseidon and a Nereid. Amphitrite
31%
A Titan, Mother of Hecate, Goddess of nocturnal oracles and shooting stars. Asteria
31%
One of the Twelve original Titans, He represeted the North, Married Phoebe Coeus
31%
God of air and the winds. Aeolus
30%
The North Wind. One of the Anemoi (wind gods). Boreas
30%
A Titan, Daughter of Oceanus and Tethys, goddess of pasturelands, Also the third wife of Zeus. Eurynome
29%
A Titan, Daughter of Gaea and Pontus, Married Krios. Eurybia
27%
One of the Muses. Represented epic poetry. Calliope
24%
A (minor) goddess of war, connected to Eris. Enyo
24%
One of the Original twelve titans, Goddess of Memory. Mnemosyne
24%
One of the Original Twelve Titans, Second Wife to Zeus and goddess of law and undisputed order. Themis
23%
Goddess of fortune and prosperity. Tyche
23%
God of darkness. Erebus
22%
A Naiad who was the first to aid Zeus in the Titan war. Styx
22%
One of the Muses. She represented History. Clio
21%
Goddess of Harmony and Concord. Harmonia
21%
The patron god of the Achelous river. Achelous
20%
One of the Muses - represented Comedy. Thalia
20%
Leader of the Nereids, a shapeshifter, and a prophet. Thetis
20%
One of the Fates - Spun the thread of life from her distaff onto her spindle. Clotho
19%
A Titan, Son of Iapetus and Clymene, Known to be the foolish brother of Prometheus, Married Pandora (Which really didn't turn out to be a good marriage). Epimetheus
19%
Goddess of daylight. Hemera
19%
The goddess of snow and daughter of the North Wind Khione
18%
Titan goddess of wisdom. Daughter of Oceanus and Tethys. Metis
17%
Titan God who Fathered the Nereids. God of the Sea before Poseidon. Nereus
17%
God of light and the atmosphere. Aether
16%
One of The Fates - She cut the thread of life and chose the manner of a persons death. Atropos
15%
A god of strength and power. Kratos
15%
One of the Muses - represented Dancing. Terpsichore
15%
One of the Muses - represented Astronomy and Astrology. Urania
15%
One of the Muses - represents Lyrics/Love Poetry. Erato
14%
A (minor) god of gardens and fertility, best known for having an enormous penis. Priapus
14%
One of the Muses - represents Music/Lyrics/Poetry. Euterpe
13%
One of the seven Pleiades, Goddess of fields. Maia
13%
The South Wind. One of the Anemoi (wind gods). Notus
13%
The East Wind - One of the Anemoi (wind gods). Eurus
12%
One of the Muses - represented Tragedy. Melpomene
12%
One of the Muses - represents sacred poetry and geometry. Polyhymnia
12%
Goddess of cleanliness and hygeine. Hygea
11%
a sea monster goddess who was also the mother of other sea monsters. Ceto
10%
Goddess of mischief. Até
9%
The goddess of force. Bia
9%
The crab who protected the sea nymphs, made into the Cancer constellation. Crios
9%
A somewhat unknown Titan, said to be a daughter of Oceanus and in some stories even the mother of Aphrodite Dione
9%
A Titan who was one of the ancient Titan gods of war. Pallas
9%
A Titan, Son of Crius and Eurybia, also had a daughter with Asteria called Hecate. Perses
9%
The Morning Star. Phosphorus
9%
One of the seven Pleiades. Electra
8%
God of wealth. Plutus
8%
The god of zeal, rivalry, and jealousy. Zelus
8%
God of family feuds. Alastor
7%
A Titan, Married Eos, God of dusk and the winds. Astraeus
7%
Goddess of childbirth. Eileithyia
7%
The spirit of Hope. Elpis
7%
A fisherman turned immortal, turned Argonaut, turned a god of the sea. Glaucus
7%
God of weddings. Hymenaios
7%
Goddess of insanity and the dead. Mania
7%
One of the seven daughters of Atlas and Pleione. Alcyone
6%
The Star Maiden - a goddess of justice, included in Virgo and Libra mythologies. Astraea
6%
The Evening Star. Hesperus
6%
One of the seven Pleiades, married to king Sisyphos. Merope
6%
God of satire, writers, and poets. Momus
6%
Goddess of fame and gossip. Pheme
6%
One of the seven Pleiades, who bore a child of Ares. Sterope
6%
Patron god of animal husbandry, bee-keeping, and fruit trees. Aristaeus
5%
A Sea Nymph, mother of the Nereids. Doris
5%
A Titan, son of Iapetus and Clymene, god of Violent Anger, Rash Decision and Human Mortality (... Seems ironic because he was banished to tartarus by Zeus). Menoetius
5%
An early sea god before Poseidon. Proteus
5%
One of the seven Pleiades, a mountain nymph. Taygete
5%
Goddess of gardens, flowers, swamps, and marshes. Antheia
4%
The name of a wife of Poseidon. Celaeno
4%
One of the Fates. Measured the thread of life with her rod. Lacheses
4%
A Titan, married Periboa and is known as the god of air, hunter's skill of stalking prey and the unseen. Lelantos
4%
Goddess of persuasion. Peitha
4%
One of the Moon Goddesses Achelois
3%
Early Greek goddess of the sun. Alectrona
3%
A Greek goddess who was worshipped exclusively at a single sanctuary on the island of Aegina in the Saronic Gulf. Aphaea
3%
The (minor) god of rebirth. Attis
3%
Protector of Mariners. Brizo
3%
The (minor) god of luck and opportunity. Caerus
3%
The wild bull tamed by Persephone, made into the Taurus constellation. Cerus
3%
Goddess of caverns, mountains, nature and wild animals. Cybele
3%
In many stories this titan is said to have ruled between the time of Gaia and Cronos with his wife Eurynome. Ophion
3%
Guardian of the ancient city of Lamark, where wounded heroes could heal after battle. Dinlas
2%
One of the Twelve labours: A giant boar Erymanthean Boar.
2%
A Dionysian goddess whose celebrations were wild and liscivious. Kotys
2%
The immortal father of sea-goats, made into the Capricorn constellation. Pricus
2%
The deity who embodied the sacred ceremonial olive branch. Eireisone
1%
No matching quizzes found
Score Distribution
Percent of People with Each Score
Percentile by Number Answered
Your Score History
You have not taken this quiz since the last reset